Living with cancer : steps and lifestyle to adopt to become the victor instead of the victim
| Main Author: | |
|---|---|
| Format: | Book |
| Published: |
Petaling Jaya :
Pelanduk Publcations(M) Sdn Bhd ,
1993
|
| Subjects: |
MARC
| LEADER | 00000cam a2200000 7i4500 | ||
|---|---|---|---|
| 001 | 0000003186 | ||
| 002 | 000003442 | ||
| 005 | 20000330.0 | ||
| 020 | |a 9679784568 | ||
| 090 | 0 | 0 | |a 616.994 |b SIV |
| 100 | 1 | |a Sivalingam, Nalliah | |
| 245 | 1 | 0 | |a Living with cancer : |b steps and lifestyle to adopt to become the victor instead of the victim |c Sivalingam Nalliah |
| 260 | |a Petaling Jaya : |b Pelanduk Publcations(M) Sdn Bhd , |c 1993 | ||
| 300 | |a 124p. ; |c 17cm. | ||
| 650 | 0 | 0 | |a Cancer |
| 999 | |a 036784 |b BUKU |c PINJAMAN |e PERPUSTAKAAN KOMUNITI PETALING JAYA | ||